Responses for show #4306 - Monday, April 28, 2003

2003 Celebrity Jeopardy! game 1.

Contestants

Paige Davis, a host and actress from Trading Spaces

Hal Sparks, a comedian and actor from Queer as Folk

Julie Bowen, an actress from Ed

Jeopardy! Round responses

EDS
YOU SHOULD KNOW THIS STUFF
GEORGIAN ON MY MIND
SCIENCE
TRADING SPACES
(Paige: No way! I'm going to rock in that category!)
HAVE A CONTINENTAL BREAKFAST
    $200 17
World War I

Hal
    $200 4
evil

Julie
    $200 1
Julia Roberts

Paige
    $200 9
X-rays

Hal
    $200 2
swap

Julie
    $200 24
Australia

Hal
    $400 18
[Hal responds with an Ed Sullivan imitation.]

Ed Sullivan

Hal
    $400 5
Shirley Temple

Paige
    $400 22
Burt Reynolds

Julie
    $400 10
Albert Einstein

Hal
    $400 3
Chicago

Hal
    $600 19
Ed Harris

Julie
    $600 6
peacock

Hal
    $600 23
Holly Hunter

Paige
    $600 11
(Alex: Hal, before you make your wager, I mentioned a moment ago that I was seeing a lot of red; that is about to change because our judges have reviewed responses, starting with you, Julie, on that "Maori showed you a tiki"; you said "What is a torch?"; they find that that is an acceptable response, so you are now receiving $1600, so you're on the plus side with $200, and since we should have accepted your response, the responses given by Hal & Paige don't count at all, so they get back the $800.)

hydrogen

Hal
    $600 12
diamonds

Hal
    $800 20
(Alex: Minute to go now.)

England

Julie
    $800 7
(Julie: What is a torch?)
[Initially ruled incorrect; reversed before Daily Double at clue 11]
(Paige: What is a bird?)
(Hal: What is a mask?)

statue

Julie
    $800 25
[buzzer sounds to end the round]

Kim Basinger

Hal
    $800 13
Pole

Julie
    $800 14
the New York Stock Exchange

Julie
    $1000 21
Ed Wood

Hal
    $1000 8
(Julie: What is...a tease?)
(Hal: What is a baby?)

milk teeth

JulieHal
Triple Stumper
    $1000 16
plutonium

Paige
    $1000 15
(Hal: What is a market?)
(Alex: Be more specific.)
(Hal: [No response])

bazaar

Hal
Triple Stumper

Scores at the first commercial break (after clue 11):

Julie Hal Paige
$200 $1,200 $600

Scores at the end of the Jeopardy! Round:

Julie Hal Paige
$3,600 $3,400 $2,200

Double Jeopardy! Round responses

BOOKS & AUTHORS
OSCAR NIGHT 2003
ART & ARTISTS
FIRST NAME'S THE SAME
STATE: THE OBVIOUS
OH MY GOD! YOU'VE GOT 3 "I"s
    $400 18
"Gone with the Wind"

Paige
    $400 11
Chicago

Julie
    $400 6
Michelangelo

Paige
    $400 1
Rudolph

Julie
    $400 14
California

Hal
    $400 19
daiquiri

Hal
    $800 27
Stephen King

Paige
    $800 12
Nicole Kidman

Julie
    $800 7
Andy Warhol

Paige
    $800 2
John

Hal
    $800 15
Washington

Julie
    $800 23
pediatrician

Paige
    $1200 28
Tom Clancy

Hal
    $1200 13
(Paige: What is Animation?)

Animated Short

Paige
    $1200 8
Andrew Wyeth

Julie
    $1200 3
Jerry

Hal
    $1200 20
(Paige: What is Missouri?)

Minnesota

Paige
Triple Stumper
    $1200 24
Waikiki

Hal
    $1600 29
[buzzer sounds to end the round]

"The Grapes of Wrath"

Julie
    $1600 16
Pedro Almodovar

Julie
    $1600 9
Paul Gauguin

Julie
    $1600 4
(Hal: What is John?)

Jim

JulieHal
    $1600 21
Nevada

Paige
    $7,000 25
Bikinis

Hal
    $2000 17
Adaptation

Julie
    $2000 10
Winslow Homer

Triple Stumper
    $2000 5
Alexander

Hal
    $5,400 22
(Paige: What is Washington?)
...
(Alex: Minute to go now.)

New Mexico

Paige
    $2000 26
linguini

Julie

Scores at the end of the Double Jeopardy! Round:

Julie Hal Paige
$17,600 $16,000 $1,600

[wagering suggestions for these scores]

Final Jeopardy! Round responses

TRANSPORTATION
PaigeWhat is that plane
$1
HalWhat is the Queen Mary?
$16,000
JulieWhat is The Queen Mary?
$10,000
the Queen Mary

Final scores:

Julie Hal Paige
$27,600 $32,000 $1,599
2nd place: $27,600 for Christopher and Dana Reeve Foundation Winner: $50,000 for Doctors Without Borders 3rd place: $20,000 for Broadway Cares/Equity Fights AIDS

Game dynamics:

Coryat scores:

Julie Hal Paige
$17,600 $10,600 $7,000
19 R,
1 W
19 R
(including 2 DDs),
3 W
11 R,
2 W
(including 1 DD)

Combined Coryat: $35,200

The J! Archive is created by fans, for fans. The Jeopardy! game show and all elements thereof, including but not limited to copyright and trademark thereto, are the property of Jeopardy Productions, Inc. and are protected under law. This website is not affiliated with, sponsored by, or operated by Jeopardy Productions, Inc. Join the discussion at JBoard.tv.